Catálogo
 En Linea

Lengua española : (Registro nro. 31586)

Detalles MARC
000 -CABECERA
campo de control de longitud fija 02224nam a2200301 a 4500
001 - NÚMERO DE CONTROL
campo de control 000032095
005 - FECHA Y HORA DE LA ÚLTIMA TRANSACCIÓN
campo de control 20200930063426.0
008 - DATOS DE LONGITUD FIJA--INFORMACIÓN GENERAL
campo de control de longitud fija 110712s2013 dr ac 000 0 spa d
020 ## - NÚMERO INTERNACIONAL ESTÁNDAR DEL LIBRO
Número Internacional Estándar del Libro 9789945495313 (v. 1)
020 ## - NÚMERO INTERNACIONAL ESTÁNDAR DEL LIBRO
Número Internacional Estándar del Libro 9789945495321 (v. 2)
020 ## - NÚMERO INTERNACIONAL ESTÁNDAR DEL LIBRO
Número Internacional Estándar del Libro 994549533X (v. 3)
020 ## - NÚMERO INTERNACIONAL ESTÁNDAR DEL LIBRO
Número Internacional Estándar del Libro 9945495348 (v. 4)
040 ## - FUENTE DE LA CATALOGACIÓN
Centro catalogador/agencia de origen DO-SdBNP
Lengua de catalogación spa
Centro/agencia transcriptor BNPHU
082 ## - NÚMERO DE LA CLASIFICACIÓN DECIMAL DEWEY
Número de clasificación xxxx
Número de documento/Ítem xxxx
100 1# - ENTRADA PRINCIPAL--NOMBRE DE PERSONA
Nombre de persona Gómez, Fiume
9 (RLIN) 10953
245 10 - MENCIÓN DE TÍTULO
Título Lengua española :
Resto del título educación básica. /
Mención de responsabilidad, etc. Fiume Gómez ; producción editorial María del Jesús de la Rosa ; ilustración Ramón Sandoval.
260 ## - PUBLICACIÓN, DISTRIBUCIÓN, ETC.
Lugar de publicación, distribución, etc. Santo Domingo :
Nombre del editor, distribuidor, etc. Actualidad Escolar,
Fecha de publicación, distribución, etc. 2013.
300 ## - DESCRIPCIÓN FÍSICA
Extensión 8 v. :
Otras características físicas il., retrs. ;
Dimensiones 28 cm.
500 ## - NOTA GENERAL
Nota general Edición revisada y actualizada al 2013
500 ## - NOTA GENERAL
Nota general La biblioteca solamente posee los volumenes del 1 al 4.
500 ## - NOTA GENERAL
Nota general Cada volumen incluye el libro del maestro.
505 0# - NOTA DE CONTENIDO CON FORMATO
Nota de contenido con formato v. 1 :
Información miscelánea unidad 1 --
Título A la escuela --
Información miscelánea unidad 2 --
Título Mi familia --
Información miscelánea unidad 3 --
Título Me relaciono --
Información miscelánea unidad 4 --
Título Llegó la navidad --
Información miscelánea unidad 5 --
Título Mi comunidad --
Información miscelánea unidad 6 --
Título Todos trabajamos --
Información miscelánea unidad 7 --
Título Me comunico --
505 0# - NOTA DE CONTENIDO CON FORMATO
Nota de contenido con formato v. 2 :
Información miscelánea unidad 1 --
Título De regreso a la escuela --
Información miscelánea unidad 2 --
Título Medio ambiente --
Información miscelánea unidad 3 --
Título El gato con botas --
Información miscelánea unidad 4 --
Título La lagartija preocupada --
Información miscelánea unidad 5 --
Título Descubro mi entorno --
Información miscelánea unidad 6 --
Título Conoce tu pasado --
Información miscelánea unidad 7 --
Título Expresa tus ideas --
Información miscelánea unidad 8 --
Título La bobina maravillosa --
505 0# - NOTA DE CONTENIDO CON FORMATO
Nota de contenido con formato v. 3 :
Información miscelánea unidad 1 --
Título Conozco mi entorno --
Información miscelánea unidad 2 --
Título Valoro mi tiempo --
Información miscelánea unidad 3 --
Título El camello cojito --
Información miscelánea unidad 4 --
Título Sobra, sombrita --
Información miscelánea unidad 5 --
Título Yan y Yon --
Información miscelánea unidad 6 --
Título El cuervo y el zorro --
Información miscelánea unidad 7 --
Título La granja de la abuela --
Información miscelánea unidad 8 --
Título El murciélago --
Información miscelánea unidad 9 --
Título El flautista de Hamelin --
505 0# - NOTA DE CONTENIDO CON FORMATO
Nota de contenido con formato v. 4 :
Información miscelánea unidad 1 --
Título Mi primer día de clases --
Información miscelánea unidad 2 --
Título A Quisqueya --
Información miscelánea unidad 3 --
Título El águila y la asamblea de los animales --
Información miscelánea unidad 4 --
Título Costumbres y leyendas de mi país --
Información miscelánea unidad 5 --
Título El ritmo de las ideas --
Información miscelánea unidad 6 --
Título Relatos maravillosos --
Información miscelánea unidad 7 --
Título Los encantos de Arroyo Frío --
Información miscelánea unidad 8 --
Título ¡Qué dulce es la miel! --
700 1# - PUNTO DE ACCESO ADICIONAL--NOMBRE DE PERSONA
Nombre de persona Rosa, María del Jesús de la
Término indicativo de función/relación prod. ed.
9 (RLIN) 10954
700 1# - PUNTO DE ACCESO ADICIONAL--NOMBRE DE PERSONA
Nombre de persona Sandoval, Ramón
Término indicativo de función/relación il.
9 (RLIN) 10955
Existencias
Estado de retiro Estado de pérdida No para préstamo Código de colección Localización permanente Ubicación/localización actual Ubicación en estantería Fecha de adquisición Número de inventario Total de préstamos Signatura topográfica completa Código de barras Fecha visto por última vez Precio válido a partir de Tipo de ítem Koha
    Excluido de préstamo Patrimonio Dominicano Patrimonio Dominicano Patrimonio Dominicano Depósito 12.07.2011 LF1   xxxx xxxx 32095-10 25.06.2020 25.06.2020 Libro y Folleto Colección Patrimonio Dominicano

Con tecnología Koha